Podróże do piekieł o eseistyce Bolesława Micińskiego

Bibliographic Details
Main Author: Kozłowski, Krzysztof (Author)
Format: Book
Language:Polish
PhysicalDescription:203 s. 20 cm
Published: Poznań WiS 1996
ISBN:8387346004
Series:Biblioteka literacka Poznańskich Studiów Polonistycznych
Subjects:

MARC

LEADER 00000nam a2200000 a 4500
001 vtls001333619
003 SK-MaSNL
005 20260301065936.0
008 251113s1996 pl 0 pol
020 |a 8387346004  |c [105,00] 
035 |a SNK000286543 
040 |a SNK  |b slo  |c SNK  |e AACR2 
044 |a PL 
080 |a 884-4(091) Miciński, B.  |2 1981 
100 1 |a Kozłowski, Krzysztof  |4 aut  |9 356261 
245 1 0 |a Podróże do piekieł  |b o eseistyce Bolesława Micińskiego  |c Krzysztof Kozłowski 
260 |a Poznań  |b WiS  |c 1996 
300 |a 203 s.  |c 20 cm 
490 1 |a Biblioteka literacka Poznańskich Studiów Polonistycznych  |v t. 2 
600 1 |a Miciński, Bolesław  |d 1911-1943  |x esejistika  |x štúdie  |2 SNK  |9 385420 
830 0 |a Biblioteka literacka Poznańskich Studiów Polonistycznych  |9 290735 
919 |a 83-87346-00-4 
999 |c 632561  |d 634491 
952 |t P60, <04>, [BOOK], {604}  |a SNK  |b SNK  |y VYP  |7 0  |p 17A0140813  |o snkIC 127316  |i snkV 734/98  |0 0  |1 0  |4 0  |d 1998-06-09  |l 0  |r 2005-01-02 00:00:00  |w 2026-02-23